Egy újonnan indítandó (villanyszerelési) vállalkozás üzleti tervének elkészítése, elemző bemutatása.
| Szerző: | |
|---|---|
| További közreműködők: | |
| Dokumentumtípus: | Projektmunka |
| Kulcsszavak: | pénzügyi terv üzleti terv üzleti terv elemzése üzleti tervezés vállalkozás megindítása vállalkozás szervezeti felépítése |
| Online Access: | http://dolgozattar.uni-bge.hu/60080 |
MARC
| LEADER | 00000nnm a2200000 i 4500 | ||
|---|---|---|---|
| 001 | dolg60080 | ||
| 005 | 20260409145948.0 | ||
| 008 | 260409suuuu hu o 000 hun d | ||
| 040 | |a BGE Dolgozattár Repozitórium |b hun | ||
| 041 | |a hu | ||
| 100 | 1 | |a Hurja Richárd | |
| 245 | 1 | 0 | |a Egy újonnan indítandó (villanyszerelési) vállalkozás üzleti tervének elkészítése, elemző bemutatása. |c Hurja Richárd |h [elektronikus dokumentum] |
| 516 | |a Project_work | ||
| 520 | 3 | |a A dolgozat célja egy újonnan indítandó villanyszerelési vállalkozás üzleti tervének kidolgozása és elemzése. A szakirodalmi áttekintés az üzleti terv funkcióira, szolgáltató szektor versenyképességi tényezőire és a villanyszerelés sajátosságaira fókuszál, a PESTEL‐modell segítségével feltárva a makrokörnyezetet. Kutatási módszerként kvalitatív interjút készítettek egy tapasztalt ágazati vezetővel, amely az ügyfélközpontúság fontosságát igazolta. A pénzügyi terv alapján az első évben várhatóan nem érhető el a fedezeti pont, de a második vagy harmadik évben a bevételek meghaladják a kiadásokat. A konklúzió hangsúlyozza, hogy az alapos tervezés és ügyfélorientált stratégia nélkülözhetetlen a hosszú távú, fenntartható növekedéshez. | |
| 695 | |a pénzügyi terv | ||
| 695 | |a üzleti terv | ||
| 695 | |a üzleti terv elemzése | ||
| 695 | |a üzleti tervezés | ||
| 695 | |a vállalkozás megindítása | ||
| 695 | |a vállalkozás szervezeti felépítése | ||
| 700 | 1 | |a Gajzágó Dr. Éva Judit |e ths | |
| 856 | 4 | 0 | |u http://dolgozattar.uni-bge.hu/60080/1/Hurja%20Rich%C3%A1rd%20%28XRLUYW%29%20PROJEKTMUNKA.pdf |z Dokumentum-elérés |
| 856 | 4 | 0 | |u http://dolgozattar.uni-bge.hu/60080/2/Eredetis%C3%A9g%20nyilatkozat.pdf |z Dokumentum-elérés |
| 856 | 4 | 0 | |u http://dolgozattar.uni-bge.hu/60080/3/Interj%C3%BA.pdf |z Dokumentum-elérés |
| 856 | 4 | 0 | |u http://dolgozattar.uni-bge.hu/60080/4/KM%20FOSZK%20b%C3%ADr%C3%A1lati%20lap%20HR.pdf |z Dokumentum-elérés |